000 00699nam a2200289Ia 4500
005 20260324122146.0
008 008 260324s9999 xx 000 0 eng d
020 _a9780203797044
037 _aEBOOK
040 _aCRL
040 _beng
040 _cCRL
041 _2eng
041 _aeng
084 _qCRL
100 _aBrent Davis; Moshe Renert
_91165349
245 4 _aThe Math Teachers Know
245 0 _bProfound Understanding of Emergent Mathematics
260 _bTaylor and Francis
260 _c2013
365 _a
365 _b255
856 _uhttp://www.taylorfrancis.com/books/9780203797044
942 _cEBOOK
999 _c1757884
_d1757884